Liechtenstein-Quiz - Sudden Death - Statistiken

Allgemein
  • Dieses Quiz wurde 104 mal gespielt
  • Das Durchschnittsergebnis liegt bei 5 aus 10
Answers on the Grid
Answers color-coded by a green-red scale on the quiz's grid according to % correct below.
Dies ist die Flagge Liechtensteins: 🇱🇮
Frauen durften in Liechtenstein bis 1984 nicht wählen
Die Hauptstadt von Liechtenstein ist Vaduz
Liechtenstein ist in der Europäischen Union
Das Zahlungsmittel von Liechtenstein ist der Euro
Liechtenstein wird von der Donau durchflossen
In Liechtenstein leben mehr Frauen als Männer
Liechtenstein ist ein Fürstentum
Die bevölkerungsreichste Gemeinde ist Schaan
Liechtenstein ist kleiner als Monaco
Die Hauptstadt von Liechtenstein lautet ebenfalls Liechtenstein
Liechtenstein hat weniger Einwohner als San Marino
Liechtenstein grenzt an Österreich
Nach Monaco ist das BIP pro Kopf in Liechtenstein am höchsten
Die Alpen liegen zum Teil in Liechtenstein
Liechtenstein grenzt an ein Land mit dieser Flagge: 🇮🇹
Liechtenstein hat eine Grenze zu einem offenen Meer
Die Strecke zwischen der Hauptstadt von Liechtenstein und Lissabon ist kürzer als die Entfernung zwischen Liechtensteins Hauptstadt und Valletta
Das KFZ-Kennzeichen von Liechtenstein lautet "LI"
Die Amtssprache von Liechtenstein ist Deutsch
 
Antwortstatistiken
Antwort % Korrekt
Liechtenstein ist ein Fürstentum
71%
Die Amtssprache von Liechtenstein ist Deutsch
69%
Die Alpen liegen zum Teil in Liechtenstein
64%
Die Hauptstadt von Liechtenstein ist Vaduz
64%
Liechtenstein grenzt an Österreich
64%
Dies ist die Flagge Liechtensteins: 🇱🇮
51%
Die bevölkerungsreichste Gemeinde ist Schaan
38%
Frauen durften in Liechtenstein bis 1984 nicht wählen
31%
In Liechtenstein leben mehr Frauen als Männer
29%
Nach Monaco ist das BIP pro Kopf in Liechtenstein am höchsten
24%
Keine übereinstimmenden Quizze gefunden
Verteilung der Resultate
Anzahl Personen mit jedem Resultat
Perzentil nach korrekt beantworteten Fragen
Ihre Resultats-Entwicklung
Sie haben dieses Quiz noch nicht gespielt